000 00745nam a22002297a 4500
003 CBULib
005 20250722140751.0
008 250722b |||||||| |||| 00| 0 eng d
040 _cCBULib
_bEnglish
_erda
041 _aeng
050 _aCBU(058)MT/2022
100 _acbu
110 _aThe Copperbelt University(CBU)
245 _aThe Copperbelt University Medical Trust Limited : 2022 annual report
_c/ by The Copperbelt University(CBU)
260 _bCopperbelt University,
_c2022.
_aKitwe :
300 _a32 pages : illustrations
336 _2rdacontent
_aText |
_btxt
337 _2rdamedia
_aUnmediated |
_bn
338 _2rdacarrier
_aVolume
_bnc
650 _a COPPERBELT UNIVERSITY MEDICAL TRUST--ANNUAL REPORT
942 _c030
_2lcc
999 _c83326
_d83327